Religion und Politik auf dem Boden der Moderne: Versuch einer Neubestimmung
| Main Author: | |
|---|---|
| Format: | Print Article |
| Language: | German |
| Check availability: | HBZ Gateway |
| Interlibrary Loan: | Interlibrary Loan for the Fachinformationsdienste (Specialized Information Services in Germany) |
| Published: |
1996
|
| In: |
Krise der Immanenz
Year: 1996, Pages: 265-279 |
| Further subjects: | B
Political theology
B Transfer Theologie-Politik B political dimensions and consequences of theology B Political Theology |
MARC
| LEADER | 00000caa a22000002c 4500 | ||
|---|---|---|---|
| 001 | 597206007 | ||
| 003 | DE-627 | ||
| 005 | 20221006113052.0 | ||
| 007 | tu | ||
| 008 | 090404s1996 xx ||||| 00| ||ger c | ||
| 020 | |a 3596129605 | ||
| 035 | |a (DE-627)597206007 | ||
| 035 | |a (DE-599)GBV597206007 | ||
| 040 | |a DE-627 |b ger |c DE-627 |e rakwb | ||
| 041 | |a ger | ||
| 084 | |a 1 |a 0 |2 ssgn | ||
| 100 | 1 | |e VerfasserIn |0 (DE-588)118581503 |0 (DE-627)141943319 |0 (DE-576)162216114 |4 aut |a Metz, Johann Baptist |d 1928-2019 | |
| 109 | |a Metz, J. Bapt. 1928-2019 |a Metz, Johann Baptiste 1928-2019 |a Metz, Johannes-Baptist 1928-2019 |a Metz, Johann-Bapt. 1928-2019 |a Metz, J. 1928-2019 |a Moci, J. 1928-2019 |a Metz, J.-Bapt. 1928-2019 |a Metz, Johann-Baptist 1928-2019 |a Moci, J. B. 1928-2019 |a Metz, J. B. 1928-2019 |a Moci, Johannes-Bapt 1928-2019 |a Metz, Johann Bapt. 1928-2019 |a Moci, Johann Baptist 1928-2019 |a Metz, Johann B. 1928-2019 |a Metz, Johann Baptist 1928-2019 |a Moci, J. Baptist 1928-2019 |a Moci, Johann-Baptist 1928-2019 |a Metz, Johannes Baptist 1928-2019 |a Metz, Johannes Bapt. 1928-2019 |a Metz, Johannes-Bapt. 1928-2019 |a Moci, Johannes Bapt 1928-2019 |a Moci, Johannes Baptist 1928-2019 |a Māts, Yūhān Bābtīst 1928-2019 | ||
| 245 | 1 | 0 | |a Religion und Politik auf dem Boden der Moderne |b Versuch einer Neubestimmung |c Johann B. Metz |
| 264 | 1 | |c 1996 | |
| 336 | |a Text |b txt |2 rdacontent | ||
| 337 | |a ohne Hilfsmittel zu benutzen |b n |2 rdamedia | ||
| 338 | |a Band |b nc |2 rdacarrier | ||
| 601 | |a Religion | ||
| 601 | |a Versuchung | ||
| 650 | 4 | |a Transfer Theologie-Politik | |
| 650 | 4 | |a Politische Theologie | |
| 650 | 4 | |a political dimensions and consequences of theology | |
| 650 | 4 | |a Political Theology | |
| 773 | 0 | 8 | |i In |t Krise der Immanenz |b Orig.-Ausg. |d Frankfurt am Main : Fischer-Taschenbuch-Verl., 1996 |g (1996), S. 265-279 |h 334 S. |w (DE-627)198427034 |w (DE-576)051282275 |z 3596129605 |7 nnam |
| 773 | 1 | 8 | |g year:1996 |g pages:265-279 |
| 951 | |a AR | ||
| ELC | |b 1 | ||
| ORI | |a SA-MARC-ixtheo_oa001.raw | ||
| REL | |a 1 | ||
| STA | 0 | 0 | |a Political theology |
| STB | 0 | 0 | |a Théologie politique |
| STC | 0 | 0 | |a Teología política |
| STD | 0 | 0 | |a Teologia politica |
| STE | 0 | 0 | |a 政治神学 |
| STF | 0 | 0 | |a 政治神學 |
| STG | 0 | 0 | |a Teologia política |
| STH | 0 | 0 | |a Политическое богословие |
| STI | 0 | 0 | |a Πολιτική θεολογία |
| SUB | |a REL | ||



